At ease with etiqueette
| Main Author: | |
|---|---|
| Format: | Book |
| Published: |
New Delhi :
Health Harmony ,
2010
|
| Subjects: |
MARC
| LEADER | 00000cam a2200000 7i4500 | ||
|---|---|---|---|
| 001 | 0000058726 | ||
| 005 | 20160113.0 | ||
| 008 | 160113 | ||
| 020 | |a 978-8131911037 | ||
| 090 | 0 | 0 | |a 395 |b KOC |
| 100 | 0 | |a Kochhar, Nina | |
| 245 | 1 | 0 | |a At ease with etiqueette |
| 260 | |a New Delhi : |b Health Harmony , |c 2010 | ||
| 300 | |a 183pg | ||
| 500 | |a Includes index, bibliography | ||
| 650 | 0 | |a Etiquette | |
| 999 | |a 0001265850 |b Book |c Adult Collection |e Cawangan Muar | ||